Score 0/25 Timer 07:00
0 Plays Today
Name % Correct
Mary
92.1%
Elizabeth
90.9%
Anne
76%
Katherine
68.3%
Jane
59.9%
Margaret
52.4%
Ellen
38.2%
Johanna
37%
Susan
33.4%
Emma
33%
Isabell
31.7%
Alice
26.1%
Grace
24.3%
Name % Correct
Frances
24.1%
Ellinor
23%
Barbara
19.7%
Dorothy
18.2%
Jennet
15%
Agnes
14.7%
Margery
8.8%
Mabell
8.1%
Magdalen
6.3%
Thomasin
6.3%
Cicely
5.4%
Christabell
4%
Remove Ads.
Support Sporcle.
Get the best of Sporcle when you Go Orange. This ad-free experience offers more features, more stats, and more fun while also helping to support Sporcle. Thank you for becoming a member.

You're not logged in!

Compare scores with friends on all Sporcle quizzes.
OR
Log In

Sporcle TV

Today on Sporcle TV


Watch our educational content, quiz creation guides, and fun videos on Sporcle TV.

Show Comments

Extras

Top Quizzes Today


Score Distribution

Paid Content

Your Account Isn't Verified!

In order to create a playlist on Sporcle, you need to verify the email address you used during registration. Go to your Sporcle Settings to finish the process.

Report this User

Report this user for behavior that violates our Community Guidelines.

Details: